| 000 | 00883pam a2200301 a 4500 | ||
|---|---|---|---|
| 999 |
_c5357 _d5357 |
||
| 001 | 5357 | ||
| 003 | BD-JhCC | ||
| 005 | 20171213130500.0 | ||
| 008 | 850814s1986 maua b 001 0 eng | ||
| 020 | _a0871509040 | ||
| 035 | _a(BD-JhCC)5357 | ||
| 040 |
_aDLC _cDLC _dDLC |
||
| 041 | _aeng | ||
| 050 | 0 | 0 |
_aQA278.2 _b.B687 1986 |
| 082 | 0 | 0 |
_a519.5/36 _219 _bBOW 1986 |
| 100 | 1 | _aBowerman, Bruce L. | |
| 245 | 1 | 0 |
_aLinear statistical models : _ban applied approach / _cBruce L. Bowerman, Richard T. O'Connell, David A. Dickey. |
| 260 |
_aBoston : _bDuxbury Press, _cc1986. |
||
| 300 |
_aix, 690 p. : _bill. ; _c24 cm. |
||
| 500 | _aIncludes index. | ||
| 504 | _aBibliography: p. [678]-679. | ||
| 650 | 0 | _aRegression analysis. | |
| 650 | 0 | _aLinear models (Statistics) | |
| 700 | 1 | _aO'Connell, Richard T. | |
| 700 | 1 | _aDickey, David A. | |
| 942 |
_2ddc _cBK |
||